000 00900nam a2200265Ia 4500
003 OSt
005 20221005092638.0
006 a|||||r|||| 00| 0
007 ta
008 221004b |||||||| |||| 00| 0 eng d
020 _a9781442231658 (pbk)
_c3665.59
024 _a26085
037 _b1090, 22/03/2016, Aditya Books Pvt. Ltd.
_cTextual
040 _aCRL
_cCRL
_beng
041 _2eng
_aeng
082 _a2z7, Q4
100 _aBlevins Amy E. Ed.
_9617618
245 0 _aCurriculum - based library instruction
_b Form cultivating faculty relationships to assessment
260 _aNew York
_bRowman and Littlefield U.S.A
_c2014
300 _axiii, 234p.
_ccm.
650 _aLIBRARY SCIENCE
700 _a Inman Megan B. Ed.
_9617619
942 _h2z7, Q4
_cTEXL
_2cc
999 _c999141
_d999141